| Tag |
First Indicator |
Second Indicator |
Subfields |
| LEADER |
00000pam a2200000 a 4500 |
| 001 |
in00000069567 |
| 005 |
20151008054508.0 |
| 008 |
800128s1981 enka b 00100 engm |
| 010 |
|
|
|a 79041645
|
| 015 |
|
|
|a GB80
|
| 020 |
|
|
|a 0521298423 (pbk.) (v. 1)
|
| 020 |
|
|
|a 0521298431 (pbk.) (v. 2)
|
| 020 |
|
|
|z 0521231683 (v. 1)
|
| 020 |
|
|
|z 0521231663 (v. 1)
|
| 020 |
|
|
|z 0521231071 (v. 2)
|
| 020 |
|
|
|z 0521231671 (v. 2)
|
| 035 |
|
|
|a (OCoLC)06015860
|
| 035 |
|
|
|9 AAJ0832AM
|
| 040 |
|
|
|a DLC
|c DLC
|d m.c.
|d TXA
|d UtOrBLW
|
| 043 |
|
|
|a e-uk---
|
| 049 |
|
|
|a TXAM
|v 1 [1387320]
|v 2 [1387321]
|
| 050 |
0 |
0 |
|a HC254.5
|b .E27
|
| 082 |
0 |
|
|a 330.941/07
|
| 245 |
0 |
4 |
|a The Economic history of Britain since 1700 /
|c edited by Roderick Floud and Donald McCloskey.
|
| 264 |
|
1 |
|a Cambridge [England] ;
|a New York :
|b Cambridge University Press,
|c 1981.
|
| 300 |
|
|
|a 2 volumes :
|b illustrations ;
|c 24 cm.
|
| 336 |
|
|
|a text
|b txt
|2 rdacontent
|
| 337 |
|
|
|a unmediated
|b n
|2 rdamedia
|
| 338 |
|
|
|a volume
|b nc
|2 rdacarrier
|
| 504 |
|
|
|a Includes bibliographies and indexes.
|
| 505 |
0 |
|
|a v. 1. 1700-1860 -- v. 2. 1860 to the 1970's.
|
| 651 |
|
0 |
|a Great Britain
|x Economic conditions.
|
| 700 |
1 |
|
|a Floud, Roderick.
|
| 700 |
1 |
|
|a McCloskey, Deirdre N.
|
| 999 |
|
|
|a MARS
|
| 999 |
f |
f |
|s e167ebd3-1fcb-327d-b933-7cda4b246612
|i 26fe8d79-c343-3b46-8361-dcea566606b3
|t 0
|
| 952 |
f |
f |
|p ric
|a Texas A&M University
|b Rellis Campus
|c Joint Library Facility
|d Remote Storage
|t 0
|e HC254.5 .E27
|h Library of Congress classification
|i unmediated -- volume
|k v.2
|m A14806122394
|
| 952 |
f |
f |
|p ric
|a Texas A&M University
|b Rellis Campus
|c Joint Library Facility
|d Remote Storage
|t 0
|e HC254.5 .E27
|h Library of Congress classification
|i unmediated -- volume
|k v.1
|m A14806122386
|
| 998 |
f |
f |
|a HC254.5 .E27
|s v.1-v.2
|t 0
|l Remote Storage
|